000 00799nam a22002537a 4500
999 _c10803
_d10803
003 AR-CdUCM
008 190402b ||||| |||| 00| 0 spa d
040 _aMUNICIPALIDAD PROVINCIAL DEL CUSCO
_cBIBLIOTECA MUNICIPAL DEL CUSCO
041 _hrus
082 _a891.7 /
_bC547C / 1941
100 _aCholojov, Mijaíl
_927839
245 _aCampos roturados /
260 _aMontevideo :
_bAmérica,
_c1941.
300 _a473 páginas ;
_c17 cm.
500 _aDonación de la familia Nieto. Libro dañado.
505 _aContenido: Novela Rusa.
650 _aNovelas rusas
_92132
650 _aNovelas de campesinos
_927840
650 _aSiglo XX
_98
650 _aLiteratura Rusa
_910457
700 _aLedesma, J. / León, Maria Teresa (traductor)
_927841
942 _2ddc
_cLIBROS
945 _acmm